000 00801nam a2200181Ia 4500
008 090123s9999 xx 000 0 und d
082 _b35353
100 _aनगर्सेकर सुरेश
245 _aरोगप्रतिकार शक्ती वाढवणारी प्रभावी औषधे
250 _a0
260 _bमनोरमा प्रकाशन
_c2002
300 _a334
600 _aनगर्सेकर सुरेश
630 _aरोगप्रतिकार शक्ती वाढवणारी प्रभावी औषधे
700 _aनगर्सेकर सुरेश
730 _aरोगप्रतिकार शक्ती वाढवणारी प्रभावी औषधे
942 _cBOOK
999 _c73413
_d73413